An Introduction to Biotechnology (Record no. 1221829)

MARC details
000 -LEADER
fixed length control field 00438nam a2200169Ia 4500
008 - FIXED-LENGTH DATA ELEMENTS--GENERAL INFORMATION
fixed length control field 260520s2020 xx 000 0 und d
020 ## - INTERNATIONAL STANDARD BOOK NUMBER
International Standard Book Number 978-93-89795-93-6
041 ## - LANGUAGE CODE
Language code of text/sound track or separate title eng
082 ## - DEWEY DECIMAL CLASSIFICATION NUMBER
Classification number 660.6/LAL
100 ## - MAIN ENTRY--PERSONAL NAME
Personal name Lal, Rup
245 ## - TITLE STATEMENT
Title An Introduction to Biotechnology
250 ## - EDITION STATEMENT
Edition statement 1st ed
260 ## - PUBLICATION, DISTRIBUTION, ETC.
Place of publication, distribution, etc. New Delhi
Name of publisher, distributor, etc. I K International Pub House Pvt Ltd
Date of publication, distribution, etc. 2020
300 ## - PHYSICAL DESCRIPTION
Extent 207p.
500 ## - GENERAL NOTE
General note Cat No: 15022
650 ## - SUBJECT ADDED ENTRY--TOPICAL TERM
Topical term or geographic name entry element ENGINEERING
Holdings
Withdrawn status Lost status Damaged status Not for loan Collection Home library Current library Shelving location Date acquired Source of acquisition Cost, normal purchase price Total Checkouts Full call number Barcode Date last seen Price effective from Koha item type Public note
          Dr.Patangrao Kadam Mahavidyalaya, Sangli Dr.Patangrao Kadam Mahavidyalaya, Sangli   08/04/2026 Bharati Madhyavarti Sahakari Grahak Bhandar, Pune (Best Book Supplier, Kolhapur) 385.00   660.6/LAL PKS-25201 20/05/2026 20/05/2026 Book General book section